000 00625nam a2200181Ia 4500
008 100920s9999 xx 000 0 und d
082 _b643
_a520 थ 71
100 _aपंडित बाळ.
245 _aक्रिकेट --चौकार षटकार.
260 _bरानडे दामोदर प्रकाश, पुणे 30.
_c1971
300 _a138
_bसाधी
365 _b6
520 _aशाअ.
630 _aक्रिकेट --चौकार षटकार.
650 _aशाअ.
730 _aक्रिकेट --चौकार षटकार.
942 _cBOOK
999 _c671594
_d671591